LEADER 02067nam a2200265 4500 001 000000341407 003 CaOOAMICUS 005 20200810112827.0 008 200810s1826 it a 000 u ita r 040 $aSeMil$bita 100 11$aMagnan, Dominique,$d<1731-1796>.$0(OLS)http://semarc/name/111872 245 03$aLa città di Roma ovvero succinta descrizione di questa superba città con due piante generali di essa e de' 14. rioni dedicata alla santità di nostro signore Leone 12. felicemente regnante nuova edizione riveduta ed aumentata da Stefano Piale pittore, ... Tomo 1. [-2.]. 264 1$aIn Roma :$bA spese di Venanzio Monaldini librajo in Piazza di Spagna n.º 79 : Nella stamperia Cannetti,$c1826. 300 $a2 v. :$bill. ;$c8° 500 $aPer l'A., Dominique Magnan, cfr. S. Rossetti, Rome a bibliography from the invention of printing through 1899, Citta' di Castello 2000, vol. 1, p. 154, n. G-1514 650 4$aRoma - Descrizioni e viaggi.$0(OLS)http://semarc/subject/23621 700 1 $aPiale, Stefano,$d<1753-1835>.$0(OLS)http://semarc/name/111873 700 1 $aCannetti, Giovanni Battista,$c.$0(OLS)http://semarc/name/12757 700 1 $aMonaldini, Venanzio,$c.$0(OLS)http://semarc/name/6920 752 $aIT$dRoma 774 0 $tTomo 1.$dIn Roma : A spese di Venanzio Monaldini librajo in Piazza di Spagna n.º 79 : Nella stamperia Cannetti,, 1826.$w()341408 774 0 $tTomo 2.$dIn Roma : A spese di Venanzio Monaldini librajo in Piazza di Spagna n.º 79 : Nella stamperia Cannetti,, 1826.$w()341409 996 $6245$aLa città di Roma ovvero succinta descrizione di questa superba città con due piante generali di essa e de' 14. rioni dedicata alla santità di nostro signore Leone 12. felicemente regnante nuova edizione riveduta ed aumentata da Stefano Piale pittore, ... Tomo 1. [-2.]$9(OLS)http://semarc/title/430408 996 $6264$aIn Roma :$bA spese di Venanzio Monaldini librajo in Piazza di Spagna n.º 79 : Nella stamperia Cannetti,$9(OLS)http://semarc/publisher/59190 LEADER 00971nam a2200241 i 4500 001 000000039608 003 CaOOAMICUS 005 19980915000000.0 008 980915s1993 fr u000 u mul u 013 $a10354 020 $a2-204-04899-2 040 $aSeMil$bita 245 10$a2., 29 3., 37 /$ca cura di Christophe Vuillaume. 300 $a339 p. 490 0 $aSources Chrétiennes ;$v391 700 1 $aVuillaume, Christophe .$0(OLS)http://semarc/name/19244 773 0 $aGregorius I, $tCommentaire sur le prémier livre des Rois.$dParis : Les Éditions du Cerf, 1989.$g2$w()618 830 0$aSources chrétiennes ;$v391.$0(OLS)http://semarc/title/72 850 $aSeMil 852 $aSeMil$W1$xVenegono$y1$mSL1.T VIII 391$j5763$B5763$CSeMilBibl$Z2$F5763 $8I 961 $aSottoscrizione: Cerf (Éditions) 996 $6020$a2-204-04899-2$9(OLS)http://semarc/number/9345 996 $6245$a2., 29 3., 37$9(OLS)http://semarc/title/56504